000 00542nam a2200181Ia 4500
003 GCL
008 140319s9999 xx 000 0 ara d
020 _a477843052
040 _aGCL /
_cGCL
082 0 4 _a813.03
_bص ش
100 1 _aصنع الله ابراهيم
245 1 0 _aشرف /
_cصنع الله ابراهيم
260 _aسوريا :
_bدار المدى للثقافة والنشر ،
_c2001
300 _a573 ص ؛
_c20 سم
650 0 4 _aالادب العربى
650 0 4 _aالقصة العربية
942 _2ddc
_cBK
999 _c50726
_d50726